Sostenibilidad ecológica: espacios y opurtunidades para un reto inaplazable /

সংরক্ষণ করুন:
গ্রন্থ-পঞ্জীর বিবরন
প্রধান লেখক: Gómez Sal, Antonio
বিন্যাস: পাঠ‍্য
বিষয়গুলি:
ট্যাগগুলো: ট্যাগ যুক্ত করুন
কোনো ট্যাগ নেই, প্রথমজন হিসাবে ট্যাগ করুন!

MARC

LEADER 00000 a a2200000 04500
001 13181
003
040
100 |a Gómez Sal, Antonio  
245 |a Sostenibilidad ecológica:   |b espacios y opurtunidades para un reto inaplazable /  |c Antonio Gómez Sal  
500 |a Resumen también en ingles  
650 |a DESARROLLO SOSTENIBLE  
650 |a EXPLOTACION DE RECURSOS  
650 |a CONSERVACION DE LA NATURALEZA  
650 |a EVALUACION  
650 |a AMERICA LATINA  
773 |g número 10; páginas 23-43  
999 |c 20363  |d 20363